Dr. S. R. Lasker Library Online Catalogue

Home      Library Home      Institutional Repository      E-Resources      MyAthens      EWU Home

The Encyclopedia of careers and vocational guidance / (Record no. 2923)

MARC details
000 -LEADER
fixed length control field 01187cam a2200349 a 4500
001 - CONTROL NUMBER
control field 2923
003 - CONTROL NUMBER IDENTIFIER
control field BD-DhEWU
005 - DATE AND TIME OF LATEST TRANSACTION
control field 20140819155421.0
008 - FIXED-LENGTH DATA ELEMENTS--GENERAL INFORMATION
fixed length control field 870714s1987 ilua g e 001 0 eng d
020 ## - INTERNATIONAL STANDARD BOOK NUMBER
International Standard Book Number 0894340832 (set)
International Standard Book Number 9780894340833
035 ## - SYSTEM CONTROL NUMBER
System control number (OCoLC)16355804
040 ## - CATALOGING SOURCE
Original cataloging agency DLC
Transcribing agency DLC
Modifying agency DLC
-- BD-DhEWU
Language of cataloging eng
041 ## - LANGUAGE CODE
Language code of text/sound track or separate title eng
050 00 - LIBRARY OF CONGRESS CALL NUMBER
Classification number HF5381
Item number .E52 1987
082 04 - DEWEY DECIMAL CLASSIFICATION NUMBER
Classification number 331.702
Item number HOE 1987
245 04 - TITLE STATEMENT
Title The Encyclopedia of careers and vocational guidance /
Statement of responsibility, etc William E. Hopke, editor-in-chief.
250 ## - EDITION STATEMENT
Edition statement 7th ed.
260 ## - PUBLICATION, DISTRIBUTION, ETC. (IMPRINT)
Place of publication, distribution, etc Chicago, Ill. :
Name of publisher, distributor, etc J.G. Ferguson Pub. Co.,
Date of publication, distribution, etc 1987.
300 ## - PHYSICAL DESCRIPTION
Extent 3 v. :
Other physical details ill. ;
Dimensions 29 cm.
500 ## - GENERAL NOTE
General note 3 vol. set.
504 ## - BIBLIOGRAPHY, ETC. NOTE
Bibliography, etc Includes indexes.
505 0# - FORMATTED CONTENTS NOTE
Formatted contents note v. 1. Reviewing career fields -- v. 2. Selecting a career -- v. 3. Selecting a technician's career.
526 ## - STUDY PROGRAM INFORMATION NOTE
Program name Library
590 ## - LOCAL NOTE (RLIN)
Local note Saifun Momota
650 #0 - SUBJECT ADDED ENTRY--TOPICAL TERM
Topical term or geographic name as entry element Vocational guidance.
9 (RLIN) 17683
Topical term or geographic name as entry element Occupations.
9 (RLIN) 17684
700 1# - ADDED ENTRY--PERSONAL NAME
Personal name Hopke, William E.
9 (RLIN) 17685
856 42 - ELECTRONIC LOCATION AND ACCESS
Materials specified WorldCat details
Uniform Resource Identifier http://www.worldcat.org/title/encyclopedia-of-careers-and-vocational-guidance/oclc/16355804&referer=brief_results
942 ## - ADDED ENTRY ELEMENTS (KOHA)
Source of classification or shelving scheme Dewey Decimal Classification
Koha item type Ref.
Holdings
Withdrawn status Lost status Source of classification or shelving scheme Materials specified (bound volume or other part) Damaged status Not for loan Collection code Home library Current library Shelving location Date acquired Cost, normal purchase price Total Checkouts Full call number Barcode Koha item type
    Dewey Decimal Classification V-II(Selecting a career)   Not For Loan Reference Dr. S. R. Lasker Library, EWU Dr. S. R. Lasker Library, EWU Reference Section 22/09/1998 0.00   331.7'03 HOE 1987 6063 Ref.